| 000 | 01123nam a22003137a 4500 | ||
|---|---|---|---|
| 001 | 5360 | ||
| 003 | FISKH | ||
| 005 | 20241128114237.0 | ||
| 008 | 241128b cb ||||| |||| 00| 0 eng d | ||
| 020 | _a9780689832369 | ||
| 040 |
_aFISKH _beng _cFISKH _dFISKH |
||
| 050 | _aD804.A98 | ||
| 082 | _a943.0860922 | ||
| 100 | _aAyer, Eleanor | ||
| 245 |
_aParallel Journeys / _cby Eleanor Ayer with Helen Waterford and Alfons Heck |
||
| 250 | _aFirst Aladin Paperbacks edition March 2000 | ||
| 260 |
_aNew York : _bAlandin Paperbacks ; _c1995 . |
||
| 300 |
_a244 pages : _billustrations ; _c20 cm . |
||
| 505 | _aZ | ||
| 520 | _aAn account of World War II in Germany as told from the viewpoints of a former Nazi soldier and a Jewish Holocaust survivor. | ||
| 521 | 8 |
_a1050
_bLexile |
|
| 521 | 8 |
_aZ
_bRaz-Plus |
|
| 650 |
_aHolocaust-Jewish ( 1939-1945) _vJuvenile literature |
||
| 650 |
_aWaterford, Helen, 1909- _vJuvenile literature |
||
| 650 |
_aJews- Germany-Frankfurt am Main- Biography _vJuvenile literature |
||
| 700 |
_aHeck, Alfons _eillustrator |
||
| 942 |
_2ddc _cBK _n0 |
||
| 999 |
_c5360 _d5360 |
||